Statystyki dla Odgadnij państwo po sławnej osobie #2

Kliknij tutaj aby rozwiązać quiz!

Ogólne statystyki

  • Ten quiz został rozwiązany 145 razy
  • Średni wynik to 6 z 10

Statystyki odpowiedzi

OsobaPaństwo% Poprawnych
Elżbieta IIWielka Brytania
100%
Benito MussoliniWłochy
93%
Xi JinpingChiny
85%
HirohitoJaponia
74%
RivaldoBrazylia
61%
Sadio ManeSenegal
57%
Zygmunt III WazaSzwecja
48%
Chris HemsworthAustralia
39%
Leopold IIBelgia
29%
Simo HayhaFinlandia
27%

Rozkład punktacji

Percentyl według liczby udzielonych odpowiedzi

Procent ludzi z każdym wynikiem

Twoja historia wyników

Nie rozwiązałeś tego quizu